000 00665nam a22001457a 4500
020 _a978-1-4424-5983-0
082 _a823
_bDIX/H
100 _aDIXON, FRANKLIN W
245 _aHARDY BOYS ADVENTURES - INTO THIN AIR
260 _aNEW YORK
_bALADDIN PAPERBACKS
_c2013
300 _a109
520 _aWhen the daughter of an amusement-park owner goes missing, it's anything but fun and games in this Hardy Boys adventure—a new take on the classic series. Daisy Rodriguez is missing. Just like that, gone without a trace. Her father, Hector Rodriguez—owner of Funspot, Bayport's local amusement park—is frantic.
650 _aMYSTERY
_zUNITED STATES
942 _cBK
999 _c7818
_d7818